| 000 | 00000nas 2200000za 4500 |
| 001 | 9.846024 |
| 003 | CaOODSP |
| 005 | 20221107153112 |
| 007 | cr ||||||||||| |
| 008 | 171024d19711973oncar p oss f0###a0eng|d |
| 040 | |aCaOODSP|beng |
| 041 | |aeng|afre |
| 043 | |an-cn--- |
| 086 | 1 |aR31-26-PDF |
| 245 | 00|aRegistered Indian membership by band and residence distributed by agency or district within regions |h[electronic resource] / |cDepartmental Statistical Division, Dept. of Indian Affairs and Northern Development. |
| 246 | 31|aEffectifs des Indiennes inscrits selon la bande et le genre d'habitation groupés par agence ou district d'après les régions|f1972-1973 |
| 260 | |a[Ottawa] : |bDept. of Indian Affairs and Northern Development, |c1971-1974. |
| 310 | |aAnnual |
| 362 | 1 |aBegan with 1970; ceased with 1973. |
| 500 | |aDigitized edition from print [produced by Indigenous and Northern Affairs Canada]. |
| 546 | |aText in English only, 1971-1972; text in English and French, 1972-1973. |
| 692 | 07|2gccst|aIndians |
| 692 | 07|2gccst|aDemographic statistics |
| 710 | 1 |aCanada. |bIndian and Northern Affairs Canada. |
| 785 | 00|tRegistered Indian population by sex and residence for bands, responsibility centres, regions and Canada, December 31 ... |w(CaOODSP)9.836158 |
| 792 | |tRegistered Indian membership by band and residence distributed by agency or district within regions |efre|w(CaOODSP)9.846405 |